[Event "EU-ch Amateur Online 1700/2000"]
[Site "Tornelo INT"]
[Date "2021.04.24"]
[Round "5"]
[White "Vardanyan, Haik A"]
[Black "Sitsanis, Nikolaos1111"]
[Result "1-0"]
[WhiteElo "1953"]
[BlackElo "1660"]
[PlyCount "99"]
[EventDate "2021.04.24"]
[EventType "swiss (rapid)"]
[EventRounds "8"]
[EventCountry "NET"]
[SourceTitle "EXT 2023"]
[Source "ChessBase"]
[SourceDate "2022.10.05"]
[SourceVersion "1"]
[SourceVersionDate "2022.10.05"]
[SourceQuality "1"]

1. d4 Nf6 2. Nf3 g6 3. g3 Bg7 4. Bg2 0-0 5. 0-0 d6 6. c4 c6 7. Nc3 Nbd7 8. Bg5 Qc7 9. Qc1 e5 10. Bh6 Re8 11. Bxg7 Kxg7 12. dxe5 dxe5 13. Rd1 a5 14. Ng5 Nc5 15. Qe3 Ne6 16. h4 Ng4 17. Qc1 h6 18. Nge4 f5 19. Nd6 Rd8 20. Nxc8 Raxc8 21. e3 Rxd1+ 22. Qxd1 Rd8 23. Qe2 Nf6 24. a3 Rd7 25. b4 Qd8 26. b5 Rd2 27. Qe1 Qd3 28. Rc1 e4 29. Bf1 Qd7 30. Nd5 cxd5 31. Qxd2 Nc5 32. Rd1 Nb3 33. Qc3 a4 34. Rxd5 Qc7 35. b6 Qxb6 36. Rd7+ Kf8 37. Rd1 Nc5 38. Qe5 Ncd7 39. Qf4 Qb3 40. Qxh6+ Kf7 41. Rd6 Qxa3 42. Qf4 Qc5 43. Rd2 a3 44. h5 gxh5 45. Bh3 Qxc4 46. Qd6 a2 47. Qa3 a1Q+ 48. Qxa1 Qb4 49. Qa2+ Kg7 50. Bxf5 1-0